Deutsche Städte - Bildquiz#4 (schwer) - Statistiken

Allgemein
  • Dieses Quiz wurde 74 mal gespielt
  • Das Durchschnittsergebnis liegt bei 6 aus 20
Antwortstatistiken
Bildquiz Antwort % Korrekt
Passau
77%
Bamberg
64%
Eisenach
55%
Limburg an der Lahn
50%
Paderborn
41%
Aschaffenburg
33%
Hildesheim
30%
Marburg
29%
Lüneburg
27%
Bautzen
23%
Straubing
21%
Friedrichshafen
18%
Soest
18%
Ravensburg
17%
Schwäbisch Hall
17%
Pirmasens
15%
Cuxhaven
12%
Herford
8%
Neustadt an der Weinstraße
6%
Euskirchen
2%
Keine übereinstimmenden Quizze gefunden
Verteilung der Resultate
Anzahl Personen mit jedem Resultat
Perzentil nach korrekt beantworteten Fragen
Ihre Resultats-Entwicklung
Sie haben dieses Quiz noch nicht gespielt